Statistics for Click the Correct Country by City #1

Click here to take the quiz!

General Stats

  • This quiz has been taken 387 times
  • The average score is 18 of 20

Answer Stats

HintAnswer% Correct
SydneyAustralia
100%
Rio de JaneiroBrazil
97%
ShanghaiChina
97%
ManchesterUnited Kingdom
97%
New YorkUnited States
97%
BarcelonaSpain
96%
VeniceItaly
95%
IstanbulTurkey
95%
DubaiUnited Arab Emirates
95%
MontrealCanada
94%
JohannesburgSouth Africa
92%
Ho Chi Minh CityVietnam
91%
Tel AvivIsrael
87%
CasablancaMorocco
84%
ThessalonikiGreece
83%
AlexandriaEgypt
81%
GuadalajaraMexico
81%
YangonMyanmar
80%
KarachiPakistan
75%
Dar es SalaamTanzania
64%

Score Distribution

Percentile by Number Answered

Percent of People with Each Score

Your Score History

You have not taken this quiz